书目信息 |
| 题名: |
神话的启示
|
|
| 作者: | 路淑英 , 张宏 , 姚艳 著 | |
| 分册: | ||
| 出版信息: | 成都 西南交通大学出版社 2004.02 |
|
| 页数: | 529页 | |
| 开本: | 21cm | |
| 丛书名: | ||
| 单 册: | ||
| 中图分类: | B087 | |
| 科图分类: | ||
| 主题词: | 人本主义--ren ben zhu yi--研究 | |
| 电子资源: | ||
| ISBN: | 7-81057-782-4 | |
| 000 | 00983nam0 2200277 450 | |
| 001 | 012007458691 | |
| 005 | 20071229120601.90 | |
| 010 | @a7-81057-782-4@dCNY36.00 | |
| 100 | @a20071229d2004 km y0chiy0120 ea | |
| 101 | 0 | @achi |
| 102 | @aCN@b510000 | |
| 105 | @ay a 000yy | |
| 106 | @ar | |
| 200 | 1 | @a神话的启示@Ashen hua de qi shi@e人本主义问题研究@f路淑英, 张宏, 姚艳著@Flu shu ying,zhang hong,yao yan zhu |
| 210 | @a成都@c西南交通大学出版社@d2004.02 | |
| 215 | @a529页@d21cm | |
| 320 | @a有书目。 | |
| 330 | @a本书对构成现代西方哲学思潮的人本主义进行研究,以神话故事蕴涵的深刻意义为缘起论述西方人本主义思想的历史发展,并对中国传统文化人本主义思想进行探析等。 | |
| 517 | 1 | @a人本主义问题研究@Aren ben zhu yi wen ti yan jiu |
| 606 | 0 | @a人本主义@Aren ben zhu yi@x研究 |
| 690 | @aB087@v4 | |
| 701 | 0 | @a路淑英@Alu shu ying@4著 |
| 701 | 0 | @a张宏@Azhang hong@4著 |
| 701 | 0 | @a姚艳@Ayao yan@4著 |
| 801 | 0 | @aCN@bQSSK@c20071229 |
| 905 | @b274991-93@dB087@eL878@f3 | |
| 神话的启示:人本主义问题研究/路淑英, 张宏, 姚艳著.-成都:西南交通大学出版社,2004.02 |
| 529页;21cm |
| ISBN 7-81057-782-4:CNY36.00 |
| 本书对构成现代西方哲学思潮的人本主义进行研究,以神话故事蕴涵的深刻意义为缘起论述西方人本主义思想的历史发展,并对中国传统文化人本主义思想进行探析等。 |
| ● |
| 相关链接 |
|
|
|
正题名:神话的启示
索取号:B087/L878
 
预约/预借
| 序号 | 登录号 | 条形码 | 馆藏地/架位号 | 状态 | 备注 |
| 1 | 274991 | 202749918 | 社科库509/509社科库 7排4列5层/ [索取号:B087/L878] | 在馆 | |
| 2 | 274992 | 202749927 | 法学院资料室/ [索取号:B087/L878] | 在馆 | |
| 3 | 274993 | 202749936 | 社科库509/509社科库 7排4列5层/ [索取号:B087/L878] | 在馆 |